000 00517nam a2200193 a 4500
001 156236
003 OSt
005 20210929115458.0
008 180703 ### HIN
020 _a9780230229716
082 _a320.6
_bC12U
100 _aCairney, Paul
245 _aUnderstanding public policy : theories and issues
_cby Paul Cairney
260 _aLondon
_bPalgrave Macmillan
_c2012
300 _axvii, 327p.
653 _aPolitical planning
653 _aPublic administration
942 _2ddc
_cBK
999 _c18656
_d18656